ბათუმის შოთა რუსთაველის სახელმწიფო უნივერსიტეტის ბიბლიოთეკა

История культуры народов мира : (ბიბ.ჩანაწერი № 60808)

000 -LEADER
fixed length control field 00859nam a22001937a 4500
005 - DATE AND TIME OF LATEST TRANSACTION
control field 20231025103039.0
008 - FIXED-LENGTH DATA ELEMENTS--GENERAL INFORMATION
fixed length control field 231024s2005 ru ||||| |||| 00| 0 rus d
020 ## - INTERNATIONAL STANDARD BOOK NUMBER
International Standard Book Number 5699103511
020 ## - INTERNATIONAL STANDARD BOOK NUMBER
International Standard Book Number 5699134956
041 ## - LANGUAGE CODE
Language code of text/sound track or separate title rus
080 ## - UNIVERSAL DECIMAL CLASSIFICATION NUMBER
Universal Decimal Classification number 930.85 B-26
100 ## - MAIN ENTRY--PERSONAL NAME
Personal name Вейс, Г.
9 (RLIN) 20215
245 ## - TITLE STATEMENT
Title История культуры народов мира :
Remainder of title Зарождение мировой цивилизации. Древний Египет. Обычаи и нравы, костюм, украшения, предметы быта, вооружение, храмы и жилища /
Statement of responsibility, etc. Герман Вейс.
264 ## - PRODUCTION, PUBLICATION, DISTRIBUTION, MANUFACTURE, AND COPYRIGHT NOTICE
Place of production, publication, distribution, manufacture М. :
Name of producer, publisher, distributor, manufacturer Эксмо,
Date of production, publication, distribution, manufacture, or copyright notice 2005.
300 ## - PHYSICAL DESCRIPTION
Extent 143 стр.:
Other physical details ил.;
Dimensions 24 см.
653 ## - INDEX TERM--UNCONTROLLED
keyword ცივილიზაციის ისტორია
653 ## - INDEX TERM--UNCONTROLLED
keyword Უძველესი ეგვიპტე
942 ## - ADDED ENTRY ELEMENTS (KOHA)
Source of classification or shelving scheme
Koha item type წიგნი
ეგზემპლარები
Withdrawn status Lost status Source of classification or shelving scheme Damaged status Not for loan Permanent Location Current Location Shelving location Date acquired Cost, normal purchase price Full call number Barcode Date last seen Copy number Uniform Resource Identifier Price effective from Koha item type Public note
          ბათუმის შოთა რუსთაველის სახელმწიფო უნივერსიტეტის მთავარი ბიბლიოთეკა ბათუმის შოთა რუსთაველის სახელმწიფო უნივერსიტეტის მთავარი ბიბლიოთეკა წიგნსაცავი 2023-10-24 10.00 930.85 B-26 65383 2023-10-24 65383 ბსუ-ს საპატიო დოქტორის გურამ ლორთქიფანიძის საჩუქარი 2023-10-24 წიგნი 10 ლ.